01769cam a22004454i 4500003000900000005001700009008004100026035001900067040004300086082001900129100002700148245005400175264003000229300000500259336002100264337002500285338002300310505080200333526001001135526001001145526001001155526001001165526001001175526000901185526000901194526000901203526000901212526000901221526000901230526000901239526000901248526000901257526000901266526000801275526000801283526000801291526000801299526000801307526000801315PE-LiUPU20250731170436.0150625s1984 mx r 000 0 spa d a(Sirsi) a31637 aPE-LiUPUbspacPE-LiUPUdPE-LiUPUerda04a155.2bB122211 aBee, Helen L.,eautor.13aEl desarrollo de la personalidad /cHelen L. Bee. 1aMéxico :bHarla,c1984. a atext2rdacontent aunmediated2rdamedia avolume2rdacarrier0 aEl desarrollo del niño: El proceso del desarrollo, Los inicios:desarrollo prenatal , nacimiento y primera infancia, Desarrollo físico y perceptual, La inteligencia en los niños: capacidad, estructura y estilo, El desarrollo del lenguaje en los niños, El ser y la personalidad en la niñez, Las relaciones sociales en los niños, El desarrollo del niño, El desarrollo fisico durante la adolescencia y la juventud, El ser y las relaciones con los demas en la adolescencia y la juventud, El desarrollo del adolescente y del joven. - Desarrollo del adulto: El crecimiento y la salud en los addultos, Desarrollo y cambio en la inteligencia, El ser y la personalidad en la edad adulta, Vinculaciones en la edad adulta, El desarrollo del adulto y una perspectiva de todo el ciclo de la vida. aSEG68 aSEG70 aSEG69 aSEG67 aSEG43 aP144 aP143 aP131 aP122 aP120 aP117 aP112 aP110 aP106 aP101 aP80 aP59 aP54 aP35 aP33 aP30